Fr. Conceicao Rodrigues College of Engineering

Operating system principles (Record no. 34957)

MARC details
000 -LEADER
fixed length control field 00352nam a2200157Ia 4500
082 ## - DEWEY DECIMAL CLASSIFICATION NUMBER
Classification number 005.43/SIL
Item number SIL
100 ## - MAIN ENTRY--PERSONAL NAME
Personal name Silberschatz/Abraham
250 ## - EDITION STATEMENT
Edition statement 7
245 ## - TITLE STATEMENT
Title Operating system principles
260 ## - PUBLICATION, DISTRIBUTION, ETC.
Name of publisher, distributor, etc. John Wiley & Sons
Place of publication, distribution, etc. New Delhi
Date of publication, distribution, etc. 2006
300 ## - PHYSICAL DESCRIPTION
Extent 896
546 ## - LANGUAGE NOTE
Language note ENGLISH
654 ## - SUBJECT ADDED ENTRY--FACETED TOPICAL TERMS
Focus term operating system
942 ## - ADDED ENTRY ELEMENTS (KOHA)
Koha item type BOOK
Holdings
Withdrawn status Lost status Damaged status Not for loan Collection Home library Current library Date acquired Source of acquisition Total Checkouts Full call number Barcode Date last seen Price effective from Koha item type Date last checked out
        CRC Fr. Agnel's C.Rodrigues College of Engineering Fr. Agnel's C.Rodrigues College of Engineering 17/03/2023 Donated by INFOSYS   005.43/SIL SIL 16304 17/03/2023   BOOK  
        CRC Fr. Agnel's C.Rodrigues College of Engineering Fr. Agnel's C.Rodrigues College of Engineering 17/03/2023 Donated by INFOSYS   005.43/SIL SIL 16305 17/03/2023   BOOK  
        CRC Fr. Agnel's C.Rodrigues College of Engineering Fr. Agnel's C.Rodrigues College of Engineering 17/03/2023 Donated by INFOSYS   005.43/SIL SIL 16306 17/03/2023   BOOK  
        CRC Fr. Agnel's C.Rodrigues College of Engineering Fr. Agnel's C.Rodrigues College of Engineering 17/03/2023 Donated by INFOSYS 1 005.43/SIL SIL 16307 11/03/2026   BOOK 17/02/2026